[Event "Warsaw Chess Open - A"]
[Site "Warszawa"]
[Date "1899-12-30"]
[Round "6.9"]
[White "Paszewski, Mateusz"]
[Black "Heberla, Bartlomiej"]
[Result "0-1"]
[WhiteTitle "FM"]
[BlackTitle "GM"]
[WhiteElo "2280"]
[BlackElo "2559"]

1. e4 e6 2. d4 d5 3. Nd2 Nc6 4. Ngf3 Nf6 5. e5 Nd7 6. Bd3 f6 7. Ng5 Ndxe5 8. dxe5
fxg5 9. Qh5+ g6 10. Bxg6+ Kd7 11. c4 Nxe5 12. Bc2 Qf6 13. O-O c6 14. Rb1 Qh6 15.
Qe2 Bd6 16. h3 Qh4 17. b4 g4 18. Bb2 Nf3+ 19. gxf3 Bh2+ 20. Kxh2 Qxh3+ 21. Kg1
gxf3 22. Qxf3 Rg8+ 23. Qg3 Rxg3+ 24. fxg3 Qxg3+ 25. Kh1 Qh4+ 26. Kg2 Qg5+ 27.
Kh1 Qxd2 28. Rf7+ Ke8 29. Rbf1 Qh6+ 30. Kg1 Qg5+ 31. Kh1 Qh5+ 32. Kg1 Qxf7 0-1

[Event "Warsaw Chess Open - A"]
[Site "Warszawa"]
[Date "1899-12-30"]
[Round "6.10"]
[White "Jakubowski, Krzysztof"]
[Black "Rasti, Arvin"]
[Result "0-1"]
[WhiteTitle "GM"]
[BlackTitle ""]
[WhiteElo "2497"]
[BlackElo "2248"]

1. e4 e6 2. d3 d5 3. Nd2 Nf6 4. Ngf3 b6 5. Qe2 Be7 6. g3 Bb7 7. Bg2 c5 8. O-O Nc6
9. a3 O-O 10. e5 Nd7 11. Re1 Qc7 12. Nf1 Rac8 13. Bf4 b5 14. h4 a5 15. N1h2 Nd4
16. Nxd4 cxd4 17. Rec1 b4 18. Qh5 b3 19. cxb3 Qb6 20. Ng4 Qxb3 21. Bf1 Ba6 22.
Bg5 Bxg5 23. Qxg5 Kh8 24. h5 h6 25. Qe7 Qb7 26. b4 a4 27. Rxc8 Qxc8 28. b5 Bxb5
29. Rb1 Bc6 30. Rb4 Qd8 31. Qd6 Nb8 32. Qc5 Na6 33. Qxc6 Nxb4 34. Qxa4 Na2 35.
Qxd4 Nc1 36. Qb2 Qc7 37. d4 Rb8 38. Qd2 Kh7 39. Kg2 Ra8 40. Qb2 Kg8 41. Bb5 Rc8
42. Qb4 Na2 43. Qd6 Nc3 44. Qa6 Nxb5 45. Qxb5 Qc2 46. Qd7 Ra8 47. Qb7 Qa4 48.
Nh2 Qxa3 49. Nf3 Qa6 50. Qb3 Qc4 51. Qb7 Ra1 52. g4 Qf1+ 53. Kg3 Ra2 54. Qc8+
Kh7 55. g5 Qxf2+ 56. Kg4 Qg2+ 57. Kh4 Qxf3 58. g6+ fxg6 59. hxg6+ Kxg6 60. Qxe6+
Kh7 0-1

[Event "Warsaw Chess Open - A"]
[Site "Warszawa"]
[Date "1899-12-30"]
[Round "6.11"]
[White "Pacan-milej, Kosma"]
[Black "Karwowski, Kacper"]
[Result "1-0"]
[WhiteTitle "FM"]
[BlackTitle "CM"]
[WhiteElo "2421"]
[BlackElo "2243"]

1. d4 Nf6 2. c4 e6 3. Nc3 Bb4 4. g3 c5 5. Nf3 cxd4 6. Nxd4 O-O 7. Bg2 Nc6 8. O-O
Bxc3 9. bxc3 d5 10. Bg5 Nxd4 11. Qxd4 dxc4 12. Qxc4 Qa5 13. Bxf6 gxf6 14. Rab1
e5 15. Bxb7 Bxb7 16. Rxb7 Rac8 17. Qg4+ Kh8 18. Rxf7 Rxf7 19. Qxc8+ Kg7 20. Qg4+
Kh6 21. Qe6 Kg7 22. Rc1 Qa3 23. Qg4+ Kh6 24. Rc2 Qd6 25. Rb2 f5 26. Qa4 f4 27.
Qe4 Qc5 28. g4 Qxc3 29. Rc2 Qa5 30. Kg2 Kg7 31. Rc6 Re7 32. a4 Qd2 33. h3 Qb2
34. Qf5 e4 35. Qg5+ Kf7 36. Qxf4+ Kg7 37. Qh6+ Kf7 38. Qxh7+ Ke8 39. Qg8+ Kd7
40. Qc8# 1-0

[Event "Warsaw Chess Open - A"]
[Site "Warszawa"]
[Date "1899-12-30"]
[Round "6.12"]
[White "Malicka, Maria"]
[Black "Fus, Jakub"]
[Result "1/2-1/2"]
[WhiteTitle "FM"]
[BlackTitle "FM"]
[WhiteElo "2272"]
[BlackElo "2403"]

1. e4 e6 2. d4 d5 3. exd5 exd5 4. Nf3 Nf6 5. Bd3 Bd6 6. Qe2+ Qe7 7. Qxe7+ Kxe7
8. Bg5 h6 9. Bh4 Nc6 10. c3 g5 11. Bg3 Ne4 12. O-O Nxg3 13. fxg3 Be6 14. Nbd2
a6 15. b4 a5 16. b5 Nb8 17. Rae1 Nd7 18. c4 dxc4 19. Bxc4 c6 20. bxc6 bxc6 21.
Re2 Rhe8 22. Rfe1 Nf8 23. Ne5 Bxe5 24. Rxe5 Red8 25. Nb3 Kf6 26. Rf1+ Kg7 27.
Bxe6 Nxe6 28. Rxa5 Rxa5 29. Nxa5 Nxd4 30. Nb3 1/2-1/2

[Event "Warsaw Chess Open - A"]
[Site "Warszawa"]
[Date "1899-12-30"]
[Round "6.13"]
[White "Kiolbasa, Oliwia"]
[Black "Rajlich, Iweta"]
[Result "1-0"]
[WhiteTitle "WIM"]
[BlackTitle "IM"]
[WhiteElo "2255"]
[BlackElo "2393"]

1. e4 e6 2. d4 d5 3. e5 c5 4. c3 Qb6 5. Nf3 Nc6 6. Na3 cxd4 7. cxd4 f6 8. Bd3 Bb4+
9. Bd2 fxe5 10. dxe5 Bxd2+ 11. Qxd2 Qb4 12. Nb5 Qxd2+ 13. Kxd2 Ke7 14. Rac1 Nh6
15. Nbd4 Bd7 16. Nxc6+ bxc6 17. Nd4 Rab8 18. b3 Rb6 19. a4 Rc8 20. Rc5 Rb4 21.
Kc3 Rcb8 22. Bxh7 Rxd4 23. Kxd4 Rxb3 24. Rb1 Ra3 25. Rb4 Ng4 26. Rc3 Rxc3 27.
Kxc3 Nxe5 28. f4 c5 29. Rb7 Nc6 30. h4 Kd6 31. h5 a5 32. g4 Nd4 33. g5 Ne2+ 34.
Kd2 Nxf4 35. h6 gxh6 36. gxh6 Nh5 37. Bc2 Nf6 38. Ra7 e5 39. h7 Nxh7 40. Bxh7
Bxa4 41. Ra6+ Bc6 42. Bc2 Kc7 43. Rxa5 Kb6 44. Ra1 e4 45. Ba4 Bxa4 46. Rxa4 d4
47. Ra8 c4 48. Re8 e3+ 49. Ke2 Kb5 50. Rd8 Kc5 51. Rd7 c3 52. Kd3 Kb4 53. Rxd4+
Kb3 54. Rc4 1-0

[Event "Warsaw Chess Open - A"]
[Site "Warszawa"]
[Date "1899-12-30"]
[Round "6.14"]
[White "Sieciechowicz, Marcin"]
[Black "Razdolski, Ilya"]
[Result "1-0"]
[WhiteTitle "IM"]
[BlackTitle ""]
[WhiteElo "2386"]
[BlackElo "2109"]

1. d4 Nf6 2. c4 g6 3. Nc3 Bg7 4. e4 d6 5. Nf3 O-O 6. Be2 e5 7. O-O Nc6 8. d5 Ne7
9. Ne1 Ne8 10. Be3 f5 11. f3 Nf6 12. c5 Rf7 13. Rc1 f4 14. Bf2 g5 15. cxd6 cxd6
16. Nb5 Ng6 17. Qc2 g4 18. Nc7 g3 19. Nxa8 gxf2+ 20. Rxf2 Bd7 21. Nc7 Nh5 22.
Ne6 Qh4 23. a4 Nf8 24. Bb5 Nxe6 25. dxe6 Bxe6 26. Bc4 d5 27. Bxd5 Bxd5 28. exd5
Nf6 29. Qc8+ Bf8 30. Qe6 Nd7 31. Rc7 Bc5 32. Rxc5 1-0

[Event "Warsaw Chess Open - A"]
[Site "Warszawa"]
[Date "1899-12-30"]
[Round "6.15"]
[White "Chylewski, Patryk"]
[Black "Zgadzaj, Rafal"]
[Result "1/2-1/2"]
[WhiteTitle "FM"]
[BlackTitle "k"]
[WhiteElo "2290"]
[BlackElo "2083"]

1. d4 Nf6 2. c4 e6 3. Nf3 Bb4+ 4. Nbd2 O-O 5. a3 Bxd2+ 6. Qxd2 b6 7. b4 Bb7 8.
e3 d6 9. Be2 Nbd7 10. O-O Qe7 11. Qc2 c5 12. Bb2 Rac8 13. Rac1 Rfd8 14. Qa4 Bc6
15. Qb3 Ba8 16. Rfd1 Be4 17. Nd2 Ba8 18. Bf3 Bxf3 19. Nxf3 e5 20. Re1 e4 21. Nd2
Nf8 22. Nf1 Re8 23. Red1 Rcd8 24. Ng3 Ng6 25. Qc2 cxb4 26. axb4 d5 27. c5 b5 28.
Nf5 Qd7 29. Nd6 Re6 30. Ra1 Nh4 31. Qe2 a6 32. Rxa6 Ne8 33. Nxe8 Rxa6 34. Nd6
Rb8 35. Qh5 Rxd6 36. cxd6 Nf5 37. Rc1 g6 38. Qe2 Nxd6 39. Rc5 Nc4 40. Bc3 Ra8
41. h3 h5 42. Qc2 1/2-1/2

[Event "Warsaw Chess Open - A"]
[Site "Warszawa"]
[Date "1899-12-30"]
[Round "6.16"]
[White "Fargac, Martin"]
[Black "Wikar, Martyna"]
[Result "1-0"]
[WhiteTitle "FM"]
[BlackTitle "k++"]
[WhiteElo "2320"]
[BlackElo "2168"]

1. d4 c5 2. d5 d6 3. e4 Nf6 4. Nc3 g6 5. Nf3 Bg7 6. h3 O-O 7. Bc4 a6 8. a4 e5 9.
dxe6 Bxe6 10. Bxe6 fxe6 11. O-O Nc6 12. Bg5 h6 13. Bh4 Qe7 14. Qd3 Nb4 15. Qd2
Rad8 16. Rad1 g5 17. Bg3 d5 18. exd5 Nfxd5 19. Nxd5 Rxd5 20. Qe2 Rfd8 21. Rxd5
Rxd5 22. Re1 Rd8 23. Ne5 Nd5 24. c3 Bxe5 25. Qxe5 Re8 26. Kh2 Kf7 27. c4 Nf6 28.
Re3 Rd8 29. f4 Rd4 30. f5 Rxc4 31. fxe6+ Kg6 32. Rf3 g4 33. Qf5+ Kg7 34. hxg4
Rxg4 35. Be5 Rg6 36. a5 c4 37. Rg3 Rxg3 38. Kxg3 Qd8 39. Kh4 Qe7 40. g4 Qd8 41.
Bc3 1-0

[Event "Warsaw Chess Open - A"]
[Site "Warszawa"]
[Date "1899-12-30"]
[Round "6.17"]
[White "Goraj, Barbara"]
[Black "Sliwicka, Alicja"]
[Result "1/2-1/2"]
[WhiteTitle "WCM"]
[BlackTitle "WIM"]
[WhiteElo "2076"]
[BlackElo "2308"]

1. e4 c5 2. Nf3 e6 3. d4 cxd4 4. Nxd4 Nf6 5. Nc3 d6 6. f3 Be7 7. Be3 Nc6 8. Qd2
O-O 9. O-O-O d5 10. exd5 Nxd5 11. Nxd5 Qxd5 12. Nxc6 Qxc6 13. Kb1 Qc7 14. Bd3
Rd8 15. f4 Bd7 16. Qf2 Bc6 17. Rhg1 Bd5 18. g4 b5 19. g5 Qa5 20. b3 g6 21. h4
Bb4 22. Bd4 Rac8 23. Bb2 Bc3 24. Bxc3 Rxc3 25. Kb2 b4 26. h5 Rc5 27. Kb1 Qc7 28.
h6 Kf8 29. Qd4 e5 30. Qxb4 a5 31. Qe1 exf4 32. Qf2 Be6 33. Be4 Rc8 34. Rd4 Qe5
35. Bd3 Bf5 36. Bxf5 Qxf5 37. Rxf4 Qxc2+ 38. Qxc2 Rxc2 39. Rgf1 R2c7 40. Rd4 Rb8
41. Kb2 Re7 42. Rf2 Rb5 43. Rd8+ Re8 44. Rd7 Re7 45. Rd8+ 1/2-1/2

[Event "Warsaw Chess Open - A"]
[Site "Warszawa"]
[Date "1899-12-30"]
[Round "6.18"]
[White "Karolczuk, Iwo"]
[Black "Karpus, Michal"]
[Result "1-0"]
[WhiteTitle "k"]
[BlackTitle "FM"]
[WhiteElo "2129"]
[BlackElo "2271"]

1. d4 Nf6 2. c4 e6 3. Nf3 d5 4. e3 Nbd7 5. Bd3 c6 6. O-O Bd6 7. b3 O-O 8. Bb2 b6
9. Nbd2 Bb7 10. Qe2 Qe7 11. Ne5 Rfd8 12. e4 dxe4 13. Nxe4 Ba3 14. Bxa3 Qxa3 15.
Ng5 h6 16. Ngxf7 Re8 17. Bg6 Re7 18. Nxd7 Nxd7 19. Ne5 Nf8 20. Be4 c5 21. Bxb7
Rxb7 22. d5 exd5 23. cxd5 Rd8 24. Rad1 Re7 25. Qh5 Ree8 26. Qf7+ Kh7 27. Nc6 Ra8
28. d6 1-0

[Event "Warsaw Chess Open - A"]
[Site "Warszawa"]
[Date "1899-12-30"]
[Round "6.19"]
[White "Chyzy, Jakub"]
[Black "Dwilewicz, Katarzyna"]
[Result "1/2-1/2"]
[WhiteTitle "FM"]
[BlackTitle "WFM"]
[WhiteElo "2257"]
[BlackElo "2082"]

1. e4 c5 2. Nf3 e6 3. d4 cxd4 4. Nxd4 Nc6 5. Nc3 Qc7 6. f4 a6 7. Nxc6 Qxc6 8. Bd3
b5 9. Qe2 Bb7 10. Bd2 Bc5 11. O-O-O Ne7 12. Rhf1 b4 13. Nb1 d5 14. e5 Qa4 15.
f5 Nxf5 16. Bxf5 exf5 17. Rxf5 O-O 18. Qd3 Rac8 19. Rdf1 Rc7 20. c3 d4 21. c4
Qxa2 22. b3 Re8 23. Rg5 Bf8 24. h4 a5 25. Qc2 Qxc2+ 26. Kxc2 h6 27. Rg4 Rxe5 28.
Rxd4 Bc5 29. Rd8+ Kh7 30. Bf4 Re2+ 31. Nd2 Rce7 32. g4 Rg2 33. g5 hxg5 34. Bxg5
f6 35. Bf4 Kg6 36. Rh8 Ree2 37. h5+ Kf7 38. h6 g5 39. Bxg5 Rxg5 40. Rh7+ Ke6 41.
Rxb7 Rgg2 42. Rd1 Be3 43. Kd3 Bxd2 44. h7 Re3+ 45. Kd4 Rh3 46. Kc5 f5 47. Kb5
f4 48. c5 f3 49. c6 Rg5+ 50. Ka6 Bf4 51. c7 Bxc7 52. Rxc7 f2 53. Rf1 Ke5 1/2-1/2

[Event "Warsaw Chess Open - A"]
[Site "Warszawa"]
[Date "1899-12-30"]
[Round "7.1"]
[White "Laurusas, Tomas"]
[Black "Chatalbashev, Boris"]
[Result "1-0"]
[WhiteTitle "IM"]
[BlackTitle "GM"]
[WhiteElo "2518"]
[BlackElo "2535"]

1. d4 Nf6 2. c4 g6 3. Nc3 d5 4. Nf3 Bg7 5. cxd5 Nxd5 6. e4 Nxc3 7. bxc3 c5 8. Be3
O-O 9. Be2 b6 10. Rc1 e6 11. O-O Bb7 12. Qd3 Nc6 13. dxc5 Qc8 14. Qc2 Na5 15.
cxb6 axb6 16. c4 Qc6 17. Rfd1 Rfc8 18. Nd2 Bf8 19. Qb2 Qa4 20. Bf4 Bc6 21. Qxb6
Nb7 22. c5 Qxa2 23. Bf1 Qa4 24. Be3 Bg7 25. h3 Na5 26. Qb1 Rab8 27. Qd3 Rd8 28.
Qa6 Bb2 29. Rb1 e5 30. Bg5 Re8 31. Re1 Bc3 32. Rxb8 Rxb8 33. Qd3 Qd4 34. Rc1 Bb2
35. Rb1 Ra8 36. Nf3 Qxd3 37. Bxd3 Bc3 38. Bf6 Nb7 39. Rb6 Rc8 40. Ba6 Rc7 41.
Rb3 Ba1 42. Rb1 Bc3 43. Rd1 Kf8 44. Bxb7 Rxb7 45. Rd8+ Be8 46. Ng5 Bc6 47. Nf3+
Be8 48. Ng5 1-0

[Event "Warsaw Chess Open - A"]
[Site "Warszawa"]
[Date "1899-12-30"]
[Round "7.2"]
[White "Pultinevicius, Paulius"]
[Black "Nguyen, Piotr"]
[Result "1-0"]
[WhiteTitle "GM"]
[BlackTitle "IM"]
[WhiteElo "2492"]
[BlackElo "2411"]

1. d4 Nf6 2. c4 c5 3. Nf3 cxd4 4. Nxd4 Nc6 5. Nc3 g6 6. Nc2 d6 7. e4 Bg7 8. Be2
O-O 9. O-O Be6 10. b3 Rc8 11. Rb1 Nd7 12. Bb2 Nc5 13. b4 Bxc3 14. Bxc3 Nxe4 15.
Ba1 a5 16. a3 axb4 17. axb4 d5 18. Bf3 b5 19. cxd5 Bxd5 20. Ne3 e6 21. Qd3 Nf6
22. Nxd5 Nxd5 23. Qxb5 Qb6 24. Qd3 Ncxb4 25. Qd2 Qd6 26. Rfd1 Rc4 27. Qb2 f6 28.
Qb3 Qc5 29. Be2 Rf4 30. Qg3 Rc8 31. Bb2 Kg7 32. Rd2 Qa5 33. Rbd1 Qc7 34. Qh3 Qb6
35. Bd4 Qc6 36. g3 Rxd4 37. Rxd4 Qb6 38. Rxd5 Nxd5 39. Rxd5 Rc1+ 40. Rd1 Rxd1+
41. Bxd1 f5 42. Qh4 Qd6 43. Bb3 e5 44. Qc4 e4 45. Qc3+ Kh6 46. Kg2 g5 47. Qe3
Kh5 48. g4+ fxg4 49. Qxe4 h6 50. Bf7+ Kh4 51. Qe1 1-0

[Event "Warsaw Chess Open - A"]
[Site "Warszawa"]
[Date "1899-12-30"]
[Round "7.3"]
[White "Rozentalis, Eduardas"]
[Black "Chomczyk, Marek"]
[Result "1-0"]
[WhiteTitle "GM"]
[BlackTitle "k++"]
[WhiteElo "2520"]
[BlackElo "2194"]

1. e4 c6 2. Nc3 d5 3. Nf3 dxe4 4. Nxe4 Nf6 5. Qe2 Nxe4 6. Qxe4 Qa5 7. Qe3 Bf5 8.
Nd4 Bg6 9. h4 h5 10. Be2 Nd7 11. O-O e5 12. Nb3 Qb6 13. d3 Be7 14. Qg3 Qd8 15.
Bg5 Bxg5 16. hxg5 h4 17. Qe3 Qb6 18. Qh3 Qd8 19. Bg4 Ke7 1-0

[Event "Warsaw Chess Open - A"]
[Site "Warszawa"]
[Date "1899-12-30"]
[Round "7.4"]
[White "Janik, Igor"]
[Black "Szotkowski, Jakub"]
[Result "1-0"]
[WhiteTitle "IM"]
[BlackTitle "IM"]
[WhiteElo "2500"]
[BlackElo "2366"]

1. e4 c6 2. d4 d5 3. e5 Bf5 4. h4 h5 5. Bd3 Bxd3 6. Qxd3 e6 7. Bg5 Ne7 8. Nd2 Nd7
9. c4 Qa5 10. Ngf3 f6 11. exf6 gxf6 12. Bf4 dxc4 13. Qxc4 Nd5 14. Bg3 O-O-O 15.
O-O f5 16. Qe2 f4 17. Bh2 Re8 18. Ng5 e5 19. dxe5 Rxe5 20. Qd3 Re8 21. Nc4 Qc7
22. Rfe1 Bb4 23. Rxe8+ Rxe8 24. a3 Bf8 25. Rd1 b5 26. Qg6 N7f6 27. Ne3 Qe5 28.
Kh1 Kb7 29. Nxd5 Nxd5 30. Nf3 Qe4 31. Qxh5 Bc5 32. Bg1 Re7 33. Rc1 Bd6 34. Qh6
Re6 35. Qg7+ Re7 36. Qd4 Qf5 37. a4 a6 38. axb5 axb5 39. Bh2 Re4 40. Qh8 c5 41.
Ng5 Rd4 42. f3 Nc7 43. Bg1 Rd5 44. Ne4 Be7 45. Bf2 Re5 46. Kg1 Rd5 47. Qc3 Na6
48. Qa5 Qd7 49. Qc3 Nb4 50. Ra1 Na6 51. Qg7 c4 52. Qg6 Rd1+ 53. Rxd1 Qxd1+ 54.
Kh2 Nc7 55. h5 Qd8 56. h6 Nd5 57. Qh5 Kc6 58. h7 Qh8 59. Qg6+ Bf6 60. Bd4 1-0

[Event "Warsaw Chess Open - A"]
[Site "Warszawa"]
[Date "1899-12-30"]
[Round "7.5"]
[White "Heberla, Bartlomiej"]
[Black "Rudolf, Michal"]
[Result "1-0"]
[WhiteTitle "GM"]
[BlackTitle "FM"]
[WhiteElo "2559"]
[BlackElo "2359"]

1. e4 c6 2. d4 d5 3. e5 c5 4. dxc5 e6 5. Nf3 Bxc5 6. Bd3 Ne7 7. O-O Nbc6 8. Bf4
Ng6 9. Bg3 O-O 10. Nbd2 f5 11. exf6 Qxf6 12. Nb3 Bb6 13. Bxg6 Qxg6 14. Re1 Qf6
15. c3 Bd7 16. Qd2 Rae8 17. Nbd4 Bxd4 18. cxd4 Qd8 19. Re3 Qb6 20. Rb3 Qa6 21.
Ne5 Nxe5 22. Bxe5 Rf7 23. Rg3 Ree7 24. Rc1 Bc6 25. b3 Qa3 26. Rc5 Qa6 27. h4 Qb6
28. Qg5 Rd7 29. Qh6 Rde7 30. Qg5 Rd7 31. Qh6 Rde7 32. Rcc3 Qd8 33. Rcf3 Qd7 34.
Bf6 Re8 35. Bxg7 Rxg7 36. Rxg7+ Qxg7 37. Rg3 Qxg3 38. fxg3 1-0

[Event "Warsaw Chess Open - A"]
[Site "Warszawa"]
[Date "1899-12-30"]
[Round "7.6"]
[White "Teclaf, Pawel"]
[Black "Szustakowski, Antoni"]
[Result "1-0"]
[WhiteTitle "IM"]
[BlackTitle "FM"]
[WhiteElo "2514"]
[BlackElo "2260"]

1. e4 e6 2. d4 d5 3. Nc3 Nf6 4. Bg5 dxe4 5. Nxe4 Be7 6. Bxf6 gxf6 7. Qd2 b6 8.
O-O-O Bb7 9. Nc3 Bb4 10. Nge2 Qe7 11. a3 Bxc3 12. Nxc3 Nc6 13. d5 O-O-O 14. dxc6
Rxd2 15. cxb7+ Kxb7 16. Rxd2 Rd8 17. Bd3 c6 18. Nd1 Kc7 19. Ne3 Qc5 20. Re1 Qh5
21. h3 Qg5 22. Kb1 f5 23. f3 h5 24. Rde2 b5 25. g4 hxg4 26. hxg4 fxg4 27. Nxg4
Qf4 28. Rf1 Rd5 29. Re4 Qg3 30. Ne3 Rh5 31. Rg4 Qe5 32. Nd1 Rh2 33. Re4 Qg3 34.
f4 Rh4 35. Re3 Qg2 36. Ree1 Qg3 37. f5 exf5 38. Re7+ Kb6 39. Rxf7 f4 40. Nc3 Qg2
41. R7xf4 Rxf4 42. Rxf4 Qg1+ 43. Rf1 Qd4 44. Rd1 Qe3 45. Bxb5 1-0

[Event "Warsaw Chess Open - A"]
[Site "Warszawa"]
[Date "1899-12-30"]
[Round "7.7"]
[White "Lewtak, Damian"]
[Black "Sonis, Francesco"]
[Result "1/2-1/2"]
[WhiteTitle "IM"]
[BlackTitle "IM"]
[WhiteElo "2380"]
[BlackElo "2501"]

1. d4 Nf6 2. c3 d6 3. Bf4 g6 4. e3 Bg7 5. Nd2 O-O 6. h3 Nfd7 7. Ngf3 e5 8. dxe5
dxe5 9. Bh2 Qe7 10. Qc2 f5 11. h4 Nb6 12. h5 g5 13. h6 Bf6 14. Nc4 Nc6 15. Nfd2
Be6 16. g4 f4 17. Be2 Nxc4 18. Bxc4 Bxc4 19. Nxc4 Qe6 20. Qb3 Kh8 21. f3 Be7 22.
O-O-O e4 23. exf4 gxf4 24. fxe4 Qxe4 25. Nd2 Qg6 26. Rhe1 Bc5 27. Nc4 Qxh6 28.
Qxb7 f3+ 29. g5 Qxh2 30. Qxc6 Qf4+ 31. Nd2 Be3 32. Rh1 Qxg5 33. Qxc7 h6 34. Kb1
Rad8 35. Nc4 Rxd1+ 36. Rxd1 f2 37. Rf1 Qf5+ 38. Ka1 Bb6 39. Nxb6 Qe6 40. a3 axb6
41. Qg3 b5 42. Qd3 Qc4 43. Qd1 Kg7 44. Kb1 Qe4+ 45. Kc1 h5 46. Qxh5 Qe1+ 47. Kc2
Qxf1 48. Qg5+ Kf7 49. Qf5+ Ke7 50. Qe5+ Kd7 51. Qd5+ Kc7 52. Qc5+ Kb7 53. Qd5+
Kc7 54. Qc5+ 1/2-1/2

[Event "Warsaw Chess Open - A"]
[Site "Warszawa"]
[Date "1899-12-30"]
[Round "7.8"]
[White "Mis, Mieszko"]
[Black "Pacan-milej, Kosma"]
[Result "1/2-1/2"]
[WhiteTitle "FM"]
[BlackTitle "FM"]
[WhiteElo "2361"]
[BlackElo "2421"]

1. d4 Nf6 2. Nf3 e6 3. g3 b5 4. Qd3 b4 5. c4 Bb7 6. Bg2 Be7 7. Nbd2 O-O 8. O-O
d6 9. e4 Nfd7 10. Re1 e5 11. d5 c6 12. a3 Nc5 13. Qe3 Nba6 14. b3 Qb6 15. a4 Nd7
16. Qe2 Nac5 17. Qe3 a5 18. Bb2 Ba6 19. dxc6 Qxc6 20. Nf1 Bb7 21. N1d2 Bd8 22.
Qe2 Ne6 23. Rf1 Ndc5 24. Rad1 g6 25. h4 Bb6 26. Ne1 Qc7 27. Nc2 Nd7 28. Kh2 Rae8
29. Nf3 Nf6 30. Nd2 h5 31. f3 Nd7 32. Bh3 Nb8 33. Ne3 Bd4 1/2-1/2

[Event "Warsaw Chess Open - A"]
[Site "Warszawa"]
[Date "1899-12-30"]
[Round "7.9"]
[White "Rasti, Arvin"]
[Black "Sieciechowicz, Marcin"]
[Result "1/2-1/2"]
[WhiteTitle ""]
[BlackTitle "IM"]
[WhiteElo "2248"]
[BlackElo "2386"]

1. c4 c6 2. Nf3 d5 3. e3 Nf6 4. Nc3 e6 5. b3 Nbd7 6. Bb2 Bd6 7. Qc2 Qe7 8. Be2
a6 9. d4 O-O 10. O-O b5 11. e4 Nxe4 12. Nxe4 dxe4 13. Qxe4 Bb7 14. Bd3 Nf6 15.
Qh4 bxc4 16. bxc4 Ba3 17. Bc3 Bb4 18. Bb2 Ba3 19. Bc3 Bb4 1/2-1/2

[Event "Warsaw Chess Open - A"]
[Site "Warszawa"]
[Date "1899-12-30"]
[Round "7.10"]
[White "Fus, Jakub"]
[Black "Kiolbasa, Oliwia"]
[Result "1/2-1/2"]
[WhiteTitle "FM"]
[BlackTitle "WIM"]
[WhiteElo "2403"]
[BlackElo "2255"]

1. d4 d5 2. c4 e6 3. Nc3 Nf6 4. Nf3 Nbd7 5. Bf4 dxc4 6. e3 b5 7. Nxb5 Bb4+ 8. Nc3
Nd5 9. a3 Nxc3 10. Qd2 Bxa3 11. bxc3 Bd6 12. Bxd6 cxd6 13. Bxc4 Bb7 14. Be2 O-O
15. O-O Qc7 16. Rfc1 Rfb8 17. c4 a5 18. Ne1 h6 19. Ra2 Nf6 20. Nc2 Bc6 21. Na3
Qd8 22. Bf1 Rb7 23. Rca1 Qb8 24. h3 Qd8 25. Qe1 Kh8 26. Bd3 Kg8 27. Nb1 Rba7 28.
Rb2 Rb7 29. Rxb7 Bxb7 30. Na3 Bc6 31. Rb1 Qc7 32. Qc3 Kh8 33. Rb2 Kg8 34. Qe1
Qd8 35. Qb1 Qc7 36. Rb3 Kh8 37. Qb2 Kg8 38. Nc2 Nd7 39. Na3 Nf6 40. Nc2 1/2-1/2

[Event "Warsaw Chess Open - A"]
[Site "Warszawa"]
[Date "1899-12-30"]
[Round "7.11"]
[White "Karolczuk, Iwo"]
[Black "Fargac, Martin"]
[Result "1/2-1/2"]
[WhiteTitle "k"]
[BlackTitle "FM"]
[WhiteElo "2129"]
[BlackElo "2320"]

1. c4 e6 2. Nf3 d5 3. e3 Nf6 4. d4 Be7 5. Nbd2 O-O 6. b3 b6 7. cxd5 exd5 8. Bd3
c5 9. O-O Bb7 10. Bb2 Nc6 11. a3 Rc8 12. Ne5 Nxe5 13. dxe5 Ne4 14. Nxe4 dxe4 15.
Bc4 Qxd1 16. Rfxd1 Rcd8 17. Kf1 h5 18. Ke2 Bc8 19. h3 Be6 20. a4 Rxd1 21. Rxd1
Rd8 22. Rxd8+ Bxd8 23. Bxe6 fxe6 24. f3 Kf7 25. fxe4 Ke8 26. Kd3 Kd7 27. Kc4 Kc6
28. b4 cxb4 29. Kxb4 Be7+ 30. Kc4 a6 31. Bd4 b5+ 1/2-1/2

[Event "Warsaw Chess Open - A"]
[Site "Warszawa"]
[Date "1899-12-30"]
[Round "7.12"]
[White "Antolak, Julia"]
[Black "Krasiewicz, Robert"]
[Result "1-0"]
[WhiteTitle "WIM"]
[BlackTitle "k+"]
[WhiteElo "2309"]
[BlackElo "2049"]

1. e4 g6 2. d4 Bg7 3. Nc3 d6 4. Bg5 a6 5. f4 b5 6. Bd3 c5 7. dxc5 dxc5 8. e5 Bb7
9. Be4 Nc6 10. Nf3 Nh6 11. O-O Nf5 12. Qe1 Qa5 13. Rd1 Rc8 14. Bf6 Rg8 15. Bh4
b4 16. Nd5 Qxa2 17. b3 e6 18. Nf6+ Bxf6 19. Bxf6 Qa5 20. Ng5 Qc7 21. Bxf5 gxf5
22. Qh4 Nd4 23. Rd2 Kd7 24. Qxh7 Rcf8 25. Nxf7 Kc6 26. Ng5 Qxh7 27. Nxh7 Kb5 28.
Nxf8 Rxf8 29. h4 Rg8 30. h5 Nf3+ 31. Rxf3 Bxf3 32. h6 1-0

[Event "Warsaw Chess Open - A"]
[Site "Warszawa"]
[Date "1899-12-30"]
[Round "7.13"]
[White "Wojdak, Jan"]
[Black "Chylewski, Patryk"]
[Result "1/2-1/2"]
[WhiteTitle "I++"]
[BlackTitle "FM"]
[WhiteElo "2014"]
[BlackElo "2290"]

1. e4 c5 2. Nf3 d6 3. Bb5+ Bd7 4. c4 Nc6 5. Nc3 Nf6 6. O-O g6 7. Bxc6 Bxc6 8. d4
cxd4 9. Nxd4 Bg7 10. Re1 Rc8 11. b3 O-O 12. Bb2 Qa5 13. Rc1 Qh5 14. Nxc6 bxc6
15. Na4 Rfd8 16. h3 Qxd1 17. Rcxd1 Nd7 18. Bxg7 Kxg7 19. f4 f6 20. Re2 c5 21.
Red2 Kf7 22. Nc3 a5 23. a4 Ke8 24. Nb5 Rc6 25. Kf2 Rb8 26. Ke3 1/2-1/2

[Event "Warsaw Chess Open - A"]
[Site "Warszawa"]
[Date "1899-12-30"]
[Round "7.14"]
[White "Zgadzaj, Rafal"]
[Black "Malicka, Maria"]
[Result "0-1"]
[WhiteTitle "k"]
[BlackTitle "FM"]
[WhiteElo "2083"]
[BlackElo "2272"]

1. c4 e5 2. Nc3 Nf6 3. e4 Bc5 4. d3 d6 5. Be3 Nc6 6. h3 Bxe3 7. fxe3 O-O 8. Nf3
Nh5 9. g4 Ng3 10. Rg1 Nxf1 11. Kxf1 Ne7 12. d4 Ng6 13. d5 Nh4 14. Rg3 f5 15. gxf5
Bxf5 16. exf5 Nxf5 17. Qe1 Nxg3+ 18. Qxg3 e4 19. Nxe4 Qe7 20. Ned2 Qxe3 21. Kg2
Rae8 22. Re1 Qd3 23. Qf2 Qg6+ 24. Kh1 Rxe1+ 25. Qxe1 Re8 26. Qf2 Qf5 27. h4 a6
28. a4 b5 29. axb5 axb5 30. b3 h6 31. Kg1 Qg6+ 32. Kh1 Qd3 33. Qd4 Re1+ 34. Kg2
Re2+ 35. Kg3 Rxd2 36. Qg4 Re2 37. Qc8+ Kh7 38. h5 bxc4 39. bxc4 Re5 40. Qh3 Re3
41. Qg4 Qe4 42. Qxe4+ Rxe4 43. Nd2 Rd4 0-1

[Event "Warsaw Chess Open - A"]
[Site "Warszawa"]
[Date "1899-12-30"]
[Round "7.15"]
[White "Alvarado, Carlos"]
[Black "Jakubowski, Krzysztof"]
[Result "0-1"]
[WhiteTitle "I"]
[BlackTitle "GM"]
[WhiteElo "2152"]
[BlackElo "2497"]

1. d4 g6 2. Nf3 Bg7 3. c3 Nf6 4. Bg5 d6 5. Nbd2 Nbd7 6. e4 e5 7. dxe5 dxe5 8. Be2
O-O 9. O-O h6 10. Bh4 Qe7 11. Re1 a5 12. a4 b6 13. Bxf6 Bxf6 14. Nc4 Rd8 15. Qc2
Bb7 16. Nfd2 Nc5 17. Bf1 h5 18. Nb3 Ne6 19. Ne3 h4 20. h3 Bg7 21. Nd2 Qg5 22.
Nf3 Qf4 23. Nd5 Bxd5 24. exd5 Nc5 25. Bb5 e4 26. Nd4 Be5 27. Ne2 Qh2+ 28. Kf1
Qh1+ 29. Ng1 Bh2 30. Ke2 Qxg2 31. Rad1 Rd6 32. Qd2 Nd3 33. Bxd3 exd3+ 34. Qxd3
Re8+ 0-1

[Event "Warsaw Chess Open - A"]
[Site "Warszawa"]
[Date "1899-12-30"]
[Round "7.16"]
[White "Rajlich, Iweta"]
[Black "Goraj, Barbara"]
[Result "1-0"]
[WhiteTitle "IM"]
[BlackTitle "WCM"]
[WhiteElo "2393"]
[BlackElo "2076"]

1. d4 Nf6 2. Nf3 g6 3. c4 Bg7 4. Nc3 O-O 5. g3 d6 6. Bg2 Nc6 7. O-O e5 8. d5 Ne7
9. e4 Nd7 10. Be3 f5 11. Ng5 Nf6 12. f3 h6 13. Ne6 Bxe6 14. dxe6 Ne8 15. c5 Qc8
16. Qb3 Kh7 17. Nd5 Qxe6 18. Nxe7 Qxe7 19. Qxb7 Qd8 20. b3 f4 21. Bf2 fxg3 22.
hxg3 dxc5 23. Rac1 Nd6 24. Qc6 c4 25. bxc4 Rf6 26. Qd5 Qe8 27. Rfd1 Rd8 28. Qa5
Nf7 29. Qxc7 Rxd1+ 30. Rxd1 Rc6 31. Qd7 Qxd7 32. Rxd7 Nd6 33. Bf1 Nxc4 34. Bxc4
Rxc4 35. Rxa7 g5 36. a4 g4 37. Kg2 gxf3+ 38. Kxf3 Kg6 39. Ra8 Rc3+ 40. Kg2 Kf7
41. a5 Bf8 42. a6 Rc2 43. a7 Bc5 44. Rf8+ Bxf8 45. a8=Q Be7 46. Qd5+ Kf6 47. Qb3
Rc6 48. Qf3+ Ke6 49. Be1 Rb6 50. Bc3 Bf6 51. Qf5+ Kd5 1-0